| 000 | 01437cam a2200421 a 4500 | ||
|---|---|---|---|
| 001 | 10096781 | ||
| 003 | ARRUPE | ||
| 005 | 20150124020006.0 | ||
| 008 | 120417s2012 wiub b s001 0 eng c | ||
| 010 | _a 2012015295 | ||
| 020 | _a9780299291440 (pbk. : alk. paper) | ||
| 020 | _a0299291448 (pbk. : alk. paper) | ||
| 020 | _a9780299291433 (ebook) | ||
| 020 | _a029929143X (ebook) | ||
| 024 | _a99951315596 | ||
| 035 | _a(OCoLC)ocn791492197 | ||
| 035 | _a(OCoLC)791492197 | ||
| 035 | _a(NNC)10096781 | ||
| 040 |
_aWU/DLC _beng _cGZM _dDLC _dBTCTA _dBDX _dUKMGB _dYDXCP _dNhCcYBP |
||
| 042 | _apcc | ||
| 043 | _af------ | ||
| 050 | 0 | 0 |
_aDT30.5 _b.Y686 2012 |
| 082 | 0 | 0 |
_a960.3/2 _223 |
| 100 | 1 |
_aYoung, Crawford, _d1931- _94422 |
|
| 245 | 1 | 4 |
_aThe postcolonial state in Africa : _bfifty years of independence, 1960-2010 / _cCrawford Young. |
| 260 |
_aMadison : _bThe University of Wisconsin Press, _cc2012. |
||
| 300 |
_axviii, 468 p. : _bmap ; _c23 cm. |
||
| 490 | 1 | _aAfrica and the diaspora: history, politics, culture | |
| 504 | _aIncludes bibliographical references (p. 375-433) and index. | ||
| 650 | 0 |
_aPostcolonialism _zAfrica. _94423 |
|
| 651 | 0 |
_aAfrica _xPolitics and government _y1960- _94424 |
|
| 651 | 0 |
_aAfrica _xHistory _y1960- _94425 |
|
| 830 | 0 |
_aAfrica and the diaspora. _94426 |
|
| 942 |
_2lcc _cMONOGRAPH _03 |
||
| 948 | 1 |
_a20121212 _bc _csl13 _dMPS |
|
| 948 | 1 |
_a20130109 _bc _csds12 _dMPS |
|
| 999 |
_c118857 _d118857 |
||